| 000 | 01260cam a2200301 a 4500 | ||
|---|---|---|---|
| 999 |
_c328984 _d328984 |
||
| 001 | 3034724 | ||
| 003 | Nust | ||
| 005 | 20170420123709.0 | ||
| 008 | 950807s1996 dcua b i001 0 eng | ||
| 010 | _a 95037837 | ||
| 020 | _a0821334441 | ||
| 040 |
_aDLC _cDLC _dDLC |
||
| 043 | _an-us--- | ||
| 050 | 0 | 0 |
_aTL214.P6 _bF35 1996 |
| 082 | 0 | 0 |
_a363.731 FAI _220 |
| 100 | 1 | _aFaiz, Asif. | |
| 245 | 1 | 0 |
_aAir pollution from motor vehicles : _bstandards and technologies for controlling emissions / _cAsif Faiz, Christopher S. Weaver, Michael P. Walsh ; with contributions by Surhid Gautam, Lit-Mian Chan. |
| 260 |
_aWashington, D.C. : _bWorld Bank, _c1996. |
||
| 300 |
_axix, 246 p. : _bill. ; _c28 cm. |
||
| 500 | _aP.B | ||
| 504 | _aIncludes bibliographical references and index. | ||
| 650 | 0 |
_aMotor vehicles _xPollution control devices. |
|
| 650 | 0 |
_aAutomobiles _xMotors _xExhaust gas _xLaw and legislation _zUnited States. |
|
| 700 | 1 | _aWeaver, Christopher S. | |
| 700 | 1 | _aWalsh, Michael P. | |
| 906 |
_a7 _bcbc _corignew _d1 _eocip _f19 _gy-gencatlg |
||
| 942 |
_2ddc _cBK _k363.731 FAI |
||